01071njm a2200277Ia 4500001000600000003000900006005001700015008004100032040001300073040001300086041001300099100001100112100001800123100003800141245005300179250001100232260001100243260007000254300001700324500010200341505008600443511007800529511005400607650005700661700007500718H7543IT-RoPAU20220918181155.0131025s9999 xx 000 0 und d aIT-RoPAU cIT-RoPAU aITALIANO aAA.VV. eAutore musica gCodice autore musica SPICS: 12000 aLaudis Canticum - Lodi e vespri quarta settimana a1a ed. aMILANO bMULTIMEDIA SAN PAOLOc2007 [1a Ed.:2007 - Ed. Lingua Orig.: 2007] aCOMPACT DISC aMusica religiosa, liturgica. Testi della liturgia delle ore, Rito Romano. Masterizzazione in Mp3. aCanto dei Primi vespri, lodi e vespri della Quarta Settimana del Tempo ordinario. aCoro Rabbunì€; soliste: Berloco V., Manca M., Musicat R., Schermidori F. aDizione di Benedetto Nardacci e Danilo Angelelli. aLITURGICO [COMPACT DISC]eCodice MATERIA SPICS: 9949 aAA.VV.eAutore testo e musicagCodice autore testo/musica SPICS: 12000